Odd One Out: Broadway Characters Quiz Stats

Quiz Updated Nov 9, 2017

Challenge
Share
Tweet
Embed
Score 0/12 Timer 04:00
5 Plays Today
Question Answer Wrong Answers
Click the character not in:
Grease
???
91.3%
???
1.7%
???
2.4%
???
4.6%
Click the character not in:
Beauty and the Beast
???
87.8%
???
0.7%
???
1.2%
???
2.4%
Click the character not in:
Les Miserables
???
82.6%
???
2.3%
???
2.9%
???
4.5%
Click the character not in:
Cats
???
82.3%
???
4.1%
???
4.7%
???
4.9%
Click the character not in:
Chicago
???
80.7%
???
7.4%
???
3%
???
5.9%
Click the character not in:
Legally Blonde
???
77.8%
???
5%
???
2.6%
???
6.5%
Click the character not in:
Annie Get Your Gun
???
75.5%
???
2%
???
9.2%
???
6%
Click the character not in:
Sweeney Todd
???
71.1%
???
5.6%
???
1.3%
???
13.6%
Click the character not in:
Wicked
???
71%
???
3.8%
???
2.2%
???
17.8%
Click the character not in:
Oklahoma
???
64.1%
???
5.7%
???
15%
???
8.6%
Click the character not in:
Cabaret
???
59.4%
???
7.7%
???
11.8%
???
12.4%
Click the character not in:
The Sound of Music
???
47.6%
???
16.2%
???
24.7%
???
2.9%

You're not logged in!

Compare scores with friends on all Sporcle quizzes.
Join for Free
OR
Log In

You Might Also Like...

Show Comments

Extras

Top Quizzes Today


Score Distribution

Your Account Isn't Verified!

In order to create a playlist on Sporcle, you need to verify the email address you used during registration. Go to your Sporcle Settings to finish the process.

Report this User

Report this user for behavior that violates our Community Guidelines.

Details: